Quizzes
Events
Quiz Creation
Community
Videos
Private Events
Remove Ads
Sign In
Join for FREE
Feedback
Dark Mode
Quiz Categories
Sports
Geography
Music
Movies
Television
Just For Fun
Miscellaneous
History
Literature
Language
Science
Gaming
Entertainment
Religion
Holiday
For Kids
Quiz Lab
Recent
Popular Today
Quiz Kudos Today
Editor Picks
Curator Picks
Quizzes by...
Day
Popularity
Type
Ratings
Length
Year
Community
Subscriptions
Recent Discussions
Orange Saloon
Badges
Playlists
Quests
Create
Leaderboards
Showdown
Live 5
Trivia Bingo
Activity
Puzzle Library
Sporcle Events
Private Events
Virtual Trivia
Globe League
Become a Host
Pub Owners
SporcleCon
Opinionation
Our Games
Videos
Blog
Mobile Apps
Partnerships
Remove Ads and Go Orange
Feedback
Literature
Harry Potter
A Song of Ice and Fire
The Hunger Games
Literary Character
Shakespeare
Book
Author
Novel
Poem
Young Adult
Children's Books
Play
Lord of the Rings
Literature
Harry Potter
A Song of Ice and Fire
The Hunger Games
Literary Character
Shakespeare
Book
Author
Novel
Poem
Young Adult
Children's Books
Play
Lord of the Rings
Random Quiz
Search Sporcle
×
Quiz Lab
Quiz Lab
Literature
Nintendo
Type in answers that appear in a list
Type in answers that appear in a list
Classic
Best Score? Go Orange.
To Kill a Mockingbird First Lines Stats
Can you name the To Kill a Mockingbird First Lines?
By
Bowmana
7m
31 Questions
140 Plays
140 Plays
140 Plays
Comments
Comments
Give Quiz Kudos
Give Quiz Kudos
-
- Ratings
hide this ad
More Info
Forced Order
Answers have to be entered in order
Answers have to be entered in order
Random Order
Randomize order of answers
Randomize order of answers
Replay
Link that replays current quiz
Next Quiz
Link to next quiz in quiz playlist
You Got
0%
They Got
Avg Score
52%
Avg Friend Score
Upgrade to see
Score Distribution
Jump to the score distribution portion of the page
Score
0/31
Timer
07:00
0
Plays Today
First Line
Chapter
% Correct
When he was nearly thirteen, my brother Jem got his arm badly broken at the elbow.
1
79.3%
Catching Walter Cunningham in the schoolyard gave me some pleasure, but when I was rubbing his nose in the dirt, Jem came by and told me to stop.
3
65.7%
Dill left us early in September, to return to Meridian.
2
60%
When Boo Radley shuffled to his feet, light from the livingroom windows glistened on his forehead.
31
60%
The remainder of my schooldays were no more auspicious than the first.
4
57.9%
For reasons unfathomable to the most experienced prophets in Maycomb County, autumn turned to winter that year.
8
57.1%
Atticus was feeble; he was nearly fifty.
10
56.4%
'Put my bag in the front bedroom, Calpurnia,' was the first thing Aunt Alexandra said.
13
56.4%
'Mr. Arthur, honey,' said Atticus, gently correcting me.
30
56.4%
My nagging got the better of Jem eventually, as I knew it would, and to my relief we slowed down the game for a while.
5
55%
'Yes,' said our father, when Jem asked him if we could go over and sit by Miss Rachel's fishpool with Dill, as this was his last night in Maycomb.
6
52.9%
'You can just take that back, boy!'
9
52.9%
Jem was twelve.
12
52.1%
She stopped shyly at the railing and waited to get Judge Taylor's attention.
21
52.1%
'I wish Bob Ewell wouldn't chew tobacco,' was all Atticus said about it.
23
52.1%
After many telephone calls, much pleading on behalf of the defendant, and a long forgiving letter from his mother, it was decided that Dill could stay.
15
50.7%
First Line
Chapter
% Correct
Thomas Robinson reached around, ran his fingers under his left arm and lifted it.
19
50.7%
When we were small, Jem and I confined our activities to the southern neighborhood, but when I was well into the second grade at school and tormenting Boo Radley became passe...
11
50%
'Come on round here, son, I got something that'll settle your stomach.'
20
50%
It was Jem's turn to cry.
22
50%
The weather was unusually warm for the last day of October.
28
50%
'Jem,' I said, 'are those the Ewells sittin' down yonder?'
17
48.6%
Jem stayed moody and silent for a week.
7
47.9%
Although we heard no more about the Finch family from Aunt Alexandra, we heard plenty from the town.
14
47.9%
Calpurnia wore her stiffest starched apron.
24
45.7%
Aunt Alexandra got up and reached for the mantelpiece.
29
45.7%
Things did settle down, after a fashion, as Atticus said they would.
27
45%
But someone was booming again.
18
42.1%
School started, and so did our daily trips past the Radley Place.
26
42.1%
Jem heard me.
16
41.4%
'Don't do that, Scout.'
25
39.3%
Quiz Playlist
Details
Report
Send in Message
Add To Playlist
More Info:
Given is the first sentence of each chapter in Harper Lee's "To Kill a Mockingbird"
Classic:
Type in answers that appear in a list
Forced Order:
Answers have to be entered in order
Random Order:
Randomize order of answers
Last Updated: Feb 16, 2017
Quiz Scoreboard
CHALLENGE
Sign Up to Join the Scoreboard
Show All
Scores
Hide
Comments
May contain spoilers
Recently Published
9x9 Crossword: Cartoon Network
by jackfrog10
Miscellaneous
3m
College Basketball Coaching Resumes
by pancakes188
Sports
9m
Billboard Blitz: Fleetwood Mac
by CooCooCachoo
Music
15s
More to Explore
Quiz From the Vault
Featured Blog Post
Where Did the Easter Bunny Come From?
hide this ad
You Might Also Like...
Tags
Nintendo Quiz
Young Adult Quiz
scout
To Kill a Mockingbird
Today's Top Quizzes in Literature
Browse Literature
hide this ad
Today's Top Quizzes in Nintendo
Browse Nintendo
Top Contributed Quizzes in Literature
1
Sneaky Slytherin Logic Puzzle
2
Get The Picture: Black or White Literature
3
5-to-1: Plays
4
A Court of Thorns and Roses (ACoTaR) Logic Puzzle
5
One Thing in Common: Literature
6
One Thing in Common: Literature II
7
One Thing in Common: Literature 3
8
One Thing in Common: Books
9
Literary Siblings Odd One Out III
10
Harry Potter Neighbourly Logic Puzzle #1
Explore More
Trending Topics
Crossword
Kpop
NBA
Harry Potter
Anime
Disney
Marvel
The Office
WWE
Puzzle
NFL
Soccer
Country
Pokémon
Song
hide this ad
More By:
Bowmana
Quiz
Plays
Rating
Category
Featured
Created
Disappointing TV Show Endings
53,996
4.08
Television
Apr 1, 2014
The Harry Potter Trio Quiz
9,760
4.33
Literature
Jan 3, 2011
Harry Potter Top 100 by Any 3 Letters
7,871
4.80
Literature
Aug 3, 2013
Categorize the Pitch Perfect Songs
6,033
4.50
Movies
May 20, 2014
Tom Haverford's Food Slang
1,827
4.27
Television
Oct 6, 2014
Go to Creator's Profile
Score Distribution
Quiz Creator Spotlight
Bowmana
Follow
Send a Message
Quizzes Created
-
Created Quiz Play Count
-
More By This Creator
Popular Quizzes Today
1
Find the US States - No Outlines Minefield
2
Find the Countries of Europe - No Outlines Minefield
3
The Countries of the World
4
Find the US States
5
Risky Map Clicking: Biggest States A-Z
6
US States
7
Popular People in 1961
8
Movies - When Are They Set?
More Literature Quizzes
Cover to Cover: Jane Austen
Published
Trending Quizzes
Risky Map Clicking: Least Populous States A-Z
1-10 Letter G Words
1-10 Letter F Words
Risky Map Clicking: Next State Alphabetically
Adjectives in 80s TV Shows
Recently Updated
Leaping Animals
pecheneg
Reality TV Shows (A-Z)
bhenderson79
Rickey Henderson's Hall of Fame Teammates
pecheneg
Champions League XIs: Arsenal
pecheneg
Quick Pick: Celebrities in WWE's Hall of Fame
aduchscher
A-Z Keypad Blitz II
pecheneg
Multiple Oscar Actors
pecheneg
Mystery Phrase Blitz: Oscar 'Best Actors'
pecheneg
F. Scott Fitzgerald Novels
LTH
Pick 3 Villains
ddd62291
Trending Topics
Anime
Marvel
Crossword
NBA
Disney
Harry Potter
Kpop
Country
NFL
WWE
Puzzle
The Office
Song
Pokémon
Soccer
Your Account Isn't Verified!
In order to create a playlist on Sporcle, you need to verify the email address you used during registration. Go to your
Sporcle Settings
to finish the process.
Report this User
Report this user for behavior that violates our
Community Guidelines
.
Details:
Send Report
Go to the Sporcle.com Mobile Site →
Comments